| 000 | 00656nam a2200241Ia 4500 | ||
|---|---|---|---|
| 003 | OSt | ||
| 005 | 20220924114822.0 | ||
| 006 | a|||||r|||| 00| 0 | ||
| 007 | ta | ||
| 008 | 220923b |||||||| |||| 00| 0 ara d | ||
| 024 | _a343854 | ||
| 037 | _cTextual | ||
| 040 |
_aARTS _cARTS _bara |
||
| 041 |
_2ara _aara |
||
| 082 | _aQ7:21:g, 28P4.1 | ||
| 100 |
_aHafni Abdul Naim Au. _9175561 |
||
| 245 | 0 | _aMausuat al-quran al-azeem | |
| 260 |
_aCairo _bMaktaba madboli Misr _c2004 |
||
| 650 |
_a QURAN _933479 |
||
| 650 |
_aISLAM _9577 |
||
| 942 |
_hQ7:21:g, 28P4.1 _cTEXL _2CC |
||
| 999 |
_c395463 _d395463 |
||